000 00309nam a22001337a 4500
008 171005b xxu||||| |||| 00| 0 eng d
020 _a9780521834247
041 _aeng
080 _a159.9
100 _a49
101 _aPSI
245 _aWHY LIFE SPEEDS UP AS YOU GET OLEDER
_cDRAAISMA, D
942 _2udc
_cBK
999 _c31984
_d31984